<?xml version="1.0" encoding="UTF-8"?>
<record
    xmlns:xsi="http://www.w3.org/2001/XMLSchema-instance"
    xsi:schemaLocation="http://www.loc.gov/MARC21/slim http://www.loc.gov/standards/marcxml/schema/MARC21slim.xsd"
    xmlns="http://www.loc.gov/MARC21/slim">

  <leader>01836nam a22001577a 4500</leader>
  <datafield tag="999" ind1=" " ind2=" ">
    <subfield code="c">519389</subfield>
    <subfield code="d">519389</subfield>
  </datafield>
  <controlfield tag="008">220310b           ||||| |||| 00| 0 eng d</controlfield>
  <datafield tag="100" ind1=" " ind2=" ">
    <subfield code="a">Kofinas, Alexander and Tsay, Crystal Han</subfield>
    <subfield code="9">32317</subfield>
  </datafield>
  <datafield tag="245" ind1=" " ind2=" ">
    <subfield code="a">In favor of large classes: A social networks perspective on experiential learning</subfield>
  </datafield>
  <datafield tag="260" ind1=" " ind2=" ">
    <subfield code="a">Journal of Management Education  </subfield>
  </datafield>
  <datafield tag="300" ind1=" " ind2=" ">
    <subfield code="a">45(5), Oct, 2021: p.760-785</subfield>
  </datafield>
  <datafield tag="520" ind1=" " ind2=" ">
    <subfield code="a">Most of the literature has viewed large classes as a problem and a challenge. Furthermore, large classes are often presented to be an obstacle to students&#x2019; experiential learning and a multitude of solutions can be found in the literature to manage large classes; solutions that include innovative technologies, alternative assessment designs, or expanding the capacity of delivery. This conceptual paper advocates that large classes, when used intentionally as a pedagogical tool, can be a powerful means for socialized and experiential learning for our students. In this work we connect the phenomenon of large classes with social network theory and concepts to re-conceptualize large classes as a social micro-cosmos consisting of a multitude of interconnected student communities. On this conceptual basis we offer three positive features of large classes: (i) higher levels of freedom for students to learn in their own terms (ii) learning from a diverse body of students and (iii) the provision of meaningful experiences of learning. We conclude with suggestions that should enable educators in large classes shift from an individualistic psychology-based model of experiential learning to a sociological model of experiential learning. &#x2013; Reproduced </subfield>
  </datafield>
  <datafield tag="650" ind1=" " ind2=" ">
    <subfield code="a">Large classes, Social networks, Diversity, Othering, Freedom to learn</subfield>
    <subfield code="9">30348</subfield>
  </datafield>
  <datafield tag="773" ind1=" " ind2=" ">
    <subfield code="a">Journal of Management Education  </subfield>
  </datafield>
  <datafield tag="906" ind1=" " ind2=" ">
    <subfield code="a">SOCIAL NETWORKS</subfield>
  </datafield>
  <datafield tag="942" ind1=" " ind2=" ">
    <subfield code="c">AR</subfield>
  </datafield>
  <datafield tag="952" ind1=" " ind2=" ">
    <subfield code="0">0</subfield>
    <subfield code="1">0</subfield>
    <subfield code="2">ddc</subfield>
    <subfield code="4">0</subfield>
    <subfield code="7">0</subfield>
    <subfield code="9">393463</subfield>
    <subfield code="a">IIPA</subfield>
    <subfield code="b">IIPA</subfield>
    <subfield code="d">2022-03-10</subfield>
    <subfield code="h">45(5), Oct, 2021: p.760-785</subfield>
    <subfield code="p">AR126306</subfield>
    <subfield code="r">2022-03-10</subfield>
    <subfield code="y">AR</subfield>
  </datafield>
</record>
